000 00995nas a2200289 4500
001 BR8000951
003 BR-BrBNA
005 20231205084146.0
007 ta
008 230509b bl.|||p| |||| 00| 00por d
040 _aBR-BrBNA
_bpor
_cBiblioteca Nacional de Agricultura
041 _a(Pt)
072 _aH10
100 1 _aMalavasi, A.
100 1 _aMorgante, J.S.
245 1 _aBiologia de moscas-das-frutas (Diptera, Tephiritidae), 2: Indices de infestacao em diferentes hospedeiros e localidades [Brasil]
246 1 _a[The biology of fruit-flies (Diptera, Tephritidae), 2: Lists of infestation in different hosts and localities [Brazil]]
650 _aPraga de planta
650 _aFruta
650 _aMosca
650 _aHospedeiro vegetal
650 _aInfestacao
650 _aBiologia
773 0 _tRevista Brasileira de Biologia (Brazil)
_xISSN 0034-7108
_g(Feb 1980), v. 40(1) p. 17-24
_wBR8000951
909 _a202311
_bLúcia
_c55
_dLúcia Elande
942 _2AGRIS
_n0
_cANA
999 _c103482
_d103482